000 00689nam a2200289Ia 4500
005 20260324144751.0
008 008 260324s9999 xx 000 0 eng d
020 _a9781315763934
037 _aEBOOK
040 _aCRL
040 _beng
040 _cCRL
041 _2eng
041 _aeng
084 _qCRL
100 _aNigel Piercy
_91220536
245 0 _aMarketing Budgeting (RLE Marketing)
245 2 _bA Political and Organisational Model
260 _bTaylor and Francis
260 _c1986
365 _a
365 _b180
856 _uhttp://www.taylorfrancis.com/books/9781315763934
942 _cEBOOK
999 _c1827564
_d1827564